000 00325nam a2200133Ia 4500
008 260604s9999 xx 000 0 und d
020 _a9781408855676
082 _a823.91 ROW
100 _aROWLING
_935312
245 0 _aHARRY POTTER AND THE PRISONER OF AZKABAN - NEW
260 _bBLY
500 _aHarry Potter
942 _cBK
999 _c8088
_d8088